El señor de los anillos ii: las dos torres /
Guardado en:
| Autor Principal: | |
|---|---|
| Formato: | Libro |
| Publicado: |
Barcelona :
Minotauro,
1991
|
| Materias: | |
| Etiquetas: |
Agregar Etiqueta
Sin Etiquetas, Sea el primero en etiquetar este registro!
|
| LEADER | 00814nam a22002415a 4500 | ||
|---|---|---|---|
| 001 | CEM.cems008948 | ||
| 005 | 20090918130014.0 | ||
| 008 | 130507s1991##################000#0#####d | ||
| 003 | CEMS | ||
| 020 | |a 8445071769 | ||
| 082 | 0 | 4 | |a 823.9 |
| 100 | 1 | |a Tolkien, John Ronald | |
| 245 | 1 | 0 | |a El señor de los anillos ii: las dos torres / |c J. R. R. Tolkien |
| 260 | |a Barcelona : |b Minotauro, |c 1991 | ||
| 300 | |a 465 p. | ||
| 653 | |a Literatura | ||
| 653 | |a Ciencia ficción | ||
| 653 | |a Literatura inglesa-siglo 20 | ||
| 653 | |a Novela ciencia ficción | ||
| 653 | |a Novela inglesa-siglo 20 | ||
| 859 | |a CEMS |b BIB. CEMS - 11 de abril |h 823.9 |i T577 |p 18519.95 |t Ej.1 |v 2 |3 2 | ||
| 859 | |a CEMS |b BIB. CEMS - 11 de abril |h 823.9 |i T577 |p 21604.02 |t Ej.2 |v 2 |3 2 | ||
| 859 | |a CEMS |b BIB. CEMS - 11 de abril |h 823.9 |i T577 |p 21605.02 |t Ej.3 |v 2 |3 2 | ||
